书目信息 |
| 题名: |
汽车底盘构造与维修
|
|
| 作者: | 袁文武 , 杨天寿 , 黄忠海 主编 | |
| 分册: | ||
| 出版信息: | 北京 兵器工业出版社 2021.1 |
|
| 页数: | 159页 | |
| 开本: | 26cm | |
| 丛书名: | ||
| 单 册: | ||
| 中图分类: | U463.103 , U472.41 | |
| 科图分类: | ||
| 主题词: | 汽车--底盘--结构--职业教育--教材 , 汽车--底盘--维修--职业教育--教材 | |
| 电子资源: | ||
| ISBN: | 978-7-5181-0129-0 | |
| 000 | 01064nam0 2200289 45 | |
| 001 | 012001002183 | |
| 005 | 20140913140036.0 | |
| 010 | @a978-7-5181-0129-0@dCNY35.00 | |
| 100 | @a20160714d2016 em y0chiy50 ea | |
| 101 | 0 | @achi |
| 102 | @aCN@b110000 | |
| 105 | @aa z 000yy | |
| 106 | @ar | |
| 200 | 1 | @a汽车底盘构造与维修@Aqi che di pan gou zao yu wei xiu@f袁文武,杨天寿,黄忠海主编 |
| 210 | @a北京@c兵器工业出版社@d2021.1 | |
| 215 | @a159页@c图@d26cm | |
| 300 | @a全国职业教育“十三五”规划教材 | |
| 330 | @a本书主要内容包括离合器打滑的故障检修、手动变速器跳挡的故障检修、万向传动装置异响的故障检修、驱动桥异响的故障检修、转向沉重的故障检修、行驶跑偏的故障检修、制动失灵的故障检修七个学习任务。 | |
| 606 | 0 | @a汽车@x底盘@x结构@x职业教育@j教材 |
| 606 | 0 | @a汽车@x底盘@x维修@x职业教育@j教材 |
| 690 | @aU463.103@v5 | |
| 690 | @aU472.41@v5 | |
| 701 | 0 | @a袁文武@Ayuan wen wu@4主编 |
| 701 | 0 | @a杨天寿@Ayang tian shou@4主编 |
| 701 | 0 | @a黄忠海@Ahuang zhong hai@4主编 |
| 801 | 0 | @aCN@bBJSDL@c20211011 |
| 905 | @b1338757-60@dU463.103@e1077@f4 | |
| 汽车底盘构造与维修/袁文武,杨天寿,黄忠海主编.-北京:兵器工业出版社,2021.1 |
| 159页:图;26cm |
| 全国职业教育“十三五”规划教材 |
| ISBN 978-7-5181-0129-0:CNY35.00 |
| 本书主要内容包括离合器打滑的故障检修、手动变速器跳挡的故障检修、万向传动装置异响的故障检修、驱动桥异响的故障检修、转向沉重的故障检修、行驶跑偏的故障检修、制动失灵的故障检修七个学习任务。 |
| ● |
| 相关链接 |
|
|
|
|
正题名:汽车底盘构造与维修
索取号:U463.103/1077
 
预约/预借
| 序号 | 登录号 | 条形码 | 馆藏地/架位号 | 状态 | 备注 |
| 1 | 1338757 | 213387574 | 第二样本阅览室/ [索取号:U463.103/1077] | 在馆 | |
| 2 | 1338758 | 213387583 | 第三借阅区/ [索取号:U463.103/1077] | 在馆 | |
| 3 | 1338759 | 213387592 | 第三借阅区/ [索取号:U463.103/1077] | 在馆 | |
| 4 | 1338760 | 213387609 | 第三借阅区/ [索取号:U463.103/1077] | 在馆 |